000
00270nam a22001217a 4500
008
171129b xxu||||| |||| 00| 0 eng d
041
_a
eng
080
_a
94
100
_a
17
101
_a
HIS
245
_a
ZAPATA AND THE MEXICAN REVOLUTION
_c
WOMACK,J
942
_2
udc
_c
BK
999
_c
38621
_d
38621